Indian women (Record no. 4314)
[ view plain ]
| 000 -LEADER | |
|---|---|
| fixed length control field | 00763nam a2200217Ia 4500 |
| 020 ## - INTERNATIONAL STANDARD BOOK NUMBER | |
| ISBN | 81-212-0626-X |
| 082 ## - DEWEY DECIMAL CLASSIFICATION NUMBER | |
| Classification number | RR 305.40954 ARY-I |
| 100 ## - MAIN ENTRY--AUTHOR NAME | |
| Personal name | Arya, Anita |
| 245 #0 - TITLE STATEMENT | |
| Title | Indian women |
| 260 ## - PUBLICATION, DISTRIBUTION, ETC. (IMPRINT) | |
| Place of publication | New Delhi |
| Name of publisher | Gyan Publishing House |
| Year of publication | 2000 |
| 300 ## - PHYSICAL DESCRIPTION | |
| Number of Pages | xv, 275 |
| 500 ## - GENERAL NOTE | |
| General note | contents: 3 Vols. Vol.1 (Society and law), (xv, 275p.) - v.2 (Education and empowerment), (xvi, 280p.) - v.3 (Work and development), (xvi, 456p.) |
| 504 ## - BIBLIOGRAPHY, ETC. NOTE | |
| Bibliography, etc | includes index |
| 650 ## - SUBJECT ADDED ENTRY--TOPICAL TERM | |
| Topical Term | Women |
| Form subdivision | Education |
| -- | Law and legislation |
| -- | India |
| 650 ## - SUBJECT ADDED ENTRY--TOPICAL TERM | |
| Topical Term | Women in mass media |
| Form subdivision | India |
| 650 ## - SUBJECT ADDED ENTRY--TOPICAL TERM | |
| Topical Term | Women |
| Form subdivision | Health and hygiene |
| -- | India |
| 650 ## - SUBJECT ADDED ENTRY--TOPICAL TERM | |
| Topical Term | Women in politics |
| Form subdivision | India |
| 650 ## - SUBJECT ADDED ENTRY--TOPICAL TERM | |
| Topical Term | Women |
| Form subdivision | India |
| -- | Social conditions |
| 650 ## - SUBJECT ADDED ENTRY--TOPICAL TERM | |
| Topical Term | Women |
| Form subdivision | Economic conditions |
| -- | India |
| 942 ## - ADDED ENTRY ELEMENTS (KOHA) | |
| Koha item type | Books |
| Source of classification or shelving scheme | Dewey Decimal Classification |
| Withdrawn status | Lost status | Damaged status | Not for loan | Home library | Current library | Date acquired | Source of acquisition | Serial Enumeration / chronology | Bill Date | Full call number | Accession Number | Price effective from | Koha item type |
|---|---|---|---|---|---|---|---|---|---|---|---|---|---|
| NASSDOC Library | NASSDOC Library | 09/09/2005 | Gifted by : North-East Gender and Minori | V.1 | 2005-07-15 | RR 305.40954 ARY-I | 40927 | 18/04/2019 | Books | ||||
| NASSDOC Library | NASSDOC Library | 09/09/2005 | Gifted by : North-East Gender and Minori | V.2 | 2005-07-15 | RR 305.40954 ARY-I | 40928 | 18/04/2019 | Books | ||||
| NASSDOC Library | NASSDOC Library | 09/09/2005 | Gifted by : North-East Gender and Minori | V.3 | 2005-07-15 | RR 305.40954 ARY-I | 40929 | 18/04/2019 | Books |
